Una evaluación crítica sobre la calidad de la democracia en Costa Rica después de 1980: crisis económica, desintegración social y cambio político /
El análisis examina la calidad de la democracia en Costa Rica después de 1980, considerando factores como la crisis económica, la desintegración social y los cambios políticos en el país. Se realiza una evaluación crítica de cómo estos elementos han impactado en la estabilidad democrática y en la pa...
Gorde:
| Egile nagusia: | |
|---|---|
| Formatua: | Texto |
| Hizkuntza: | Spanish |
| Gaiak: | |
| Etiketak: |
Etiketa erantsi
Etiketarik gabe, Izan zaitez lehena erregistro honi etiketa jartzen!
|
MARC
| LEADER | 00000 a a2200000 04500 | ||
|---|---|---|---|
| 001 | 47912 | ||
| 003 | cru IIS | ||
| 005 | 20230829204621.0 | ||
| 008 | 230829b |||||||| |||| 00| 0 spa d | ||
| 040 | |c CRAI | ||
| 100 | |a Sirevaag, Kjersti | ||
| 245 | |a Una evaluación crítica sobre la calidad de la democracia en Costa Rica después de 1980: |b crisis económica, desintegración social y cambio político / |c Kjersti Sirevaag | ||
| 520 | |a El análisis examina la calidad de la democracia en Costa Rica después de 1980, considerando factores como la crisis económica, la desintegración social y los cambios políticos en el país. Se realiza una evaluación crítica de cómo estos elementos han impactado en la estabilidad democrática y en la participación ciudadana. Se destaca la importancia de abordar las desigualdades socioeconómicas y la falta de inclusión social para fortalecer la democracia y promover un entorno político más equitativo y participativo. RAR 07/2023 | ||
| 650 | 0 | |2 OCDE |9 83 |a DEMOCRACIA | |
| 650 | 4 | |2 OCDE |9 1940 |a ESTABILIDAD POLITICA | |
| 650 | 0 | |2 OCDE |9 6343 |a CRISIS ECONOMICA | |
| 650 | 0 | |2 OCDE |9 632 |a ASPECTOS SOCIALES | |
| 650 | 0 | |2 OCDE |9 11602 |a PARTICIPACION ACTIVA | |
| 650 | 0 | |2 OCDE |9 4431 |a CAMBIO POLITICO | |
| 650 | 0 | |2 UNESCO |9 11594 |a INCLUSION SOCIAL | |
| 650 | 0 | |2 OCDE |9 77 |a DESIGUALDAD SOCIAL | |
| 650 | 0 | |2 OCDE |9 4894 |a DESIGUALDAD ECONOMICA | |
| 650 | 0 | |2 OCDE |9 3691 |a POLITICA | |
| 650 | 0 | |2 OCDE |9 26 |a SOCIEDAD | |
| 650 | 0 | |2 OCDE |9 7946 |a GOBERNANCIA | |
| 651 | 0 | |2 OCDE |9 32 |a COSTA RICA | |
| 773 | |g número12, (2011), páginas 75-88 | ||
| 942 | |2 ddc |c PP | ||
| 999 | |c 27747 |d 27747 | ||
